Tribhuvan University Central Library
Normal view MARC view
  • Critical thinking

Entry Topical Term

Number of records used in: 12

001 - CONTROL NUMBER

  • control field: 18584

003 - CONTROL NUMBER IDENTIFIER

  • control field: OSt

005 - DATE AND TIME OF LATEST TRANSACTION

  • control field: 20110218135150.0

008 - FIXED-LENGTH DATA ELEMENTS

  • fixed length control field: 110218|||a|||||| | ||| d

040 ## - CATALOGING SOURCE

  • Original cataloging agency: OSt
  • Transcribing agency: OSt

150 ## - HEADING--TOPICAL TERM

  • Topical term or geographic name as entry element: Critical thinking

670 ## - SOURCE DATA FOUND

  • Source citation: Work cat.: (OSt): Wellington, Charles Burleigh, 1920- 18582, Teaching for critical thinking, 1960

670 ## - SOURCE DATA FOUND

  • Source citation: Work cat.: (OSt): Wellington, Charles Burleigh, 1920- 18582, Teaching for critical thinking, 1960